000 00826nam a2200241Ia 4500
001 9101
003 GE_BSU
008 181216s||||||||xx |||||||||||||| ||und||
040 _cGE_BSU
080 _a821.353.1-11
100 _aლებანიძე,მურმან
245 _aანისის აღება
245 _bისტორიული პოემა და ლექსები
245 _cრედ:მ.ქოიავა;მხატვ:ო.ჯიშკარიანი
260 _aთბილისი.
260 _bმერანი.
260 _c1970.
300 _a160გვ;13სმ
300 _b1ფ. პორტრ.
653 _aანისის აღება
653 _aისტორიული პოემა და ლექსები
942 _cBK
999 _c42405
_d42405